MDQL
is popping MORE tags! Check the
thread
!
Quizzes
Events
Quiz Creation
Community
Videos
Private Events
Remove Ads
Sign In
Join for FREE
Feedback
Dark Mode
Quiz Categories
Sports
Geography
Music
Movies
Television
Just For Fun
Miscellaneous
History
Literature
Language
Science
Gaming
Entertainment
Religion
Holiday
For Kids
Quiz Lab
Recent
Popular Today
Quiz Kudos Today
Editor Picks
Curator Picks
Quizzes by...
Day
Popularity
Type
Ratings
Length
Year
Community
Subscriptions
Recent Discussions
Orange Saloon
Badges
Playlists
Quests
Create
Leaderboards
Showdown
Live 5
Trivia Bingo
Activity
Puzzle Library
Sporcle Events
Private Events
Virtual Trivia
Globe League
Become a Host
Pub Owners
SporcleCon
Opinionation
Our Games
Videos
Blog
Mobile Apps
Partnerships
Remove Ads and Go Orange
Feedback
Sports
Athletes
MLB
NBA
NHL
NFL
Soccer
Sports Teams
WWE
NCAA
Football
Premier League
Basketball
Baseball
Hockey
Golf
Tennis
Cricket
Rugby
Auto Racing
Olympics
World Cup
Sports
Athletes
MLB
NBA
NHL
NFL
Soccer
Sports Teams
WWE
NCAA
Football
Premier League
Basketball
Baseball
Hockey
Golf
Tennis
Cricket
Rugby
Auto Racing
Olympics
World Cup
Random Quiz
Search Sporcle
×
Quiz Lab
Quiz Lab
Sports
Football
Type in answers that appear in a list
Type in answers that appear in a list
Classic
Best Score? Go Orange.
SPORCLE Football Clubs - England Edition Stats
Can you name the Football Clubs which have had all the letters removed except S, P, O, R, C, L & E?
By
ArrogantDuck
10m
40 Questions
319 Plays
319 Plays
319 Plays
Comments
Comments
Give Quiz Kudos
Give Quiz Kudos
-
- Ratings
hide this ad
More Info
Random Order
Randomize order of answers
Randomize order of answers
Replay
Link that replays current quiz
Next Quiz
Link to next quiz in quiz playlist
You Got
0%
They Got
Avg Score
75%
Avg Friend Score
Upgrade to see
Score Distribution
Jump to the score distribution portion of the page
Score
0/40
Timer
10:00
0
Plays Today
Clue
Football Club
% Correct
L_
_
erpool
Liverpool
95.3%
C_
else_
Chelsea
92.1%
Por_
s_
o_
_
_
Portsmouth
90.2%
_
rse_
_
l
Arsenal
88.3%
Le_
ces_
er/
C_
_
_
Leicester City
88.3%
Lee_
s/
_
_
_
_
e_
Leeds United
88%
E_
er_
o_
Everton
86.1%
Pres_
o_
/
_
or_
_
/
E_
_
Preston North End
85.2%
Sc_
_
_
_
orpe/
_
_
_
_
e_
Scunthorpe United
84.2%
S_
_
_
erl_
_
_
Sunderland
83.9%
Colc_
es_
er/
_
_
_
_
e_
Colchester United
83.9%
So_
_
_
_
_
p_
o_
Southampton
83.9%
_
o_
_
e_
_
_
_
/
_
o_
sp_
r
Tottenham Hotspur
82.6%
Por_
/
_
_
le
Port Vale
82.6%
_
_
ll/
C_
_
_
Hull City
81.4%
_
l_
c_
pool
Blackpool
81.1%
_
_
r_
lepool/
_
_
_
_
e_
Hartlepool United
80.8%
Le_
_
o_
/
Or_
e_
_
Leyton Orient
80.8%
Pe_
er_
oro_
_
_
/
_
_
_
_
e_
Peterborough United
80.8%
_
ol_
o_
/
_
_
_
_
erers
Bolton Wanderers
80.4%
Clue
Football Club
% Correct
E_
e_
er/
C_
_
_
Exeter City
78.9%
S_
o_
e/
C_
_
_
Stoke City
77.6%
_
r_
s_
ol/
C_
_
_
Bristol City
76.7%
Cre_
e/
_
le_
_
_
_
_
Crewe Alexandra
76.3%
_
_
ee_
s/
P_
r_
/
R_
_
_
ers
Queens Park Rangers
72.6%
_
o_
c_
s_
er/
Ro_
ers
Doncaster Rovers
71.9%
_
_
_
c_
es_
er/
C_
_
_
Manchester City
71.6%
Co_
e_
_
r_
/
C_
_
_
Coventry City
70.7%
_
ps_
_
c_
/
_
o_
_
Ipswich Town
69.1%
_
ol_
er_
_
_
p_
o_
/
_
_
_
_
erers
Wolverhampton Wanderers
68.8%
_
o_
_
s/
Co_
_
_
_
Notts County
64.7%
_
es_
/
_
ro_
_
_
c_
/
_
l_
_
o_
West Bromwich Albion
63.4%
_
_
ll_
_
ll
Millwall
60.9%
_
e_
c_
s_
le/
_
_
_
_
e_
Newcastle United
57.4%
_
_
r_
sle_
Barnsley
56.8%
O_
_
or_
/
_
_
_
_
e_
Oxford United
56.8%
_
_
_
_
les_
ro_
_
_
Middlesbrough
54.9%
_
s_
o_
/
_
_
ll_
Aston Villa
54.3%
_
or_
_
c_
/
C_
_
_
Norwich City
50.8%
S_
e_
_
_
e_
_
/
_
e_
_
es_
_
_
Sheffield Wednesday
47%
Quiz Playlist
Details
Report
Send in Message
Add To Playlist
More Info:
Only includes football clubs from England's Top Four Divisions (League Clubs) Example: _ _rcelo_ _ = Barcelona
Classic:
Type in answers that appear in a list
Random Order:
Randomize order of answers
Last Updated: Feb 16, 2017
Quiz Scoreboard
CHALLENGE
Sign Up to Join the Scoreboard
Show All
Scores
Hide
Comments
May contain spoilers
Recently Published
Find the 'City' Movie
by crazypaving
Movies
60s
5x2 Blitz: Bands
by SL_Kpop136
Music
30s
Colored Red Africa Blitz
by spor1
Geography
30s
More to Explore
Quiz From the Vault
Featured Blog Post
14 Easter Pick-up Lines to Find Eggs With
hide this ad
You Might Also Like...
Tags
Football Quiz
Letter Quiz
Sporcle Quiz
club
Edition
England
Football Clubs
Removed
Today's Top Quizzes in Sports
Browse Sports
hide this ad
Today's Top Quizzes in Football
Browse Football
Top Contributed Quizzes in Sports
1
Players with Multiple 50 Home Run Seasons
2
Les entraîneurs de l'OM et du PSG au 21e siècle
3
Criteria MLB: Left Handed Sluggers
4
2022 World Cup Stars
5
Les meilleurs buteurs des matchs entre le PSG et l’OM
6
Who Hit More Homers?
7
Les joueurs passés par le PSG et l'OM
8
NBA Logic Puzzle 2.0
9
Top 10 NHL Goal Scorers of All Time
10
MLB Players with Two .350 Batting Average Seasons
Explore More
Trending Topics
Marvel
Crossword
Kpop
Harry Potter
NBA
Disney
Anime
NFL
Country
Puzzle
Pokémon
The Office
WWE
Song
Soccer
hide this ad
More By:
ArrogantDuck
Quiz
Plays
Rating
Category
Featured
Created
Re-Promoted Premier League Clubs
99,800
4.49
Sports
May 7, 2013
English Derby Teams
3,645
4.17
Sports
Oct 14, 2010
UEFA Countries
2,665
4.32
Geography
Sep 5, 2010
Worst England Team Ever
1,656
2.71
Sports
Oct 14, 2010
Steven Spielberg movies (minefield edition)
1,416
4.09
Movies
Jan 30, 2013
Go to Creator's Profile
Score Distribution
Quiz Creator Spotlight
ArrogantDuck
Follow
Send a Message
Quizzes Created
-
Created Quiz Play Count
-
More By This Creator
Popular Quizzes Today
1
Colored Red Africa Blitz
2
Find the US States - No Outlines Minefield
3
Find the 'City' Movie
4
5x2 Blitz: Bands
5
The Countries of the World
6
Find the US States
7
US States
8
9x9 Crossword: Cartoon Network
More Sports Quizzes
MLB 1983 TOP 20 batting leaders
Quiz Lab
Trending Quizzes
Colored Red Europe Blitz I
Colored Red Europe Blitz II
Colored Red Africa Blitz II
Colored Red Europe Blitz III
Colored Red Africa Blitz III
Recently Updated
Godzilla Movies
pecheneg
Grab Bag: 4-10 Letters
pecheneg
2024 March Madness Bracket
pecheneg
Famous TV Couples
Peacemaker
Champions League XIs: Real Madrid
pecheneg
Largest US Cities 1790-2010
pecheneg
Rides in Walt Disney World
pecheneg
Most Oscar Losses (Acting)
pecheneg
Beyoncé Albums
pecheneg
Leaping Animals
pecheneg
Trending Topics
Marvel
Crossword
Harry Potter
Disney
NBA
Anime
Kpop
Soccer
Pokémon
The Office
NFL
Puzzle
Song
Country
WWE
Your Account Isn't Verified!
In order to create a playlist on Sporcle, you need to verify the email address you used during registration. Go to your
Sporcle Settings
to finish the process.
Report this User
Report this user for behavior that violates our
Community Guidelines
.
Details:
Send Report
Go to the Sporcle.com Mobile Site →
Comments